01785nam a2200385 a 4500001001000000003000500010005001700015008004100032010001100073011001100084040000900095090001000104100004200114245025400156260003900410500006000449502010400509590004100613590003700654590004100691590004000732590004000772650003700812650005800849650005100907650004700958856001601005856007001021901000701091942001001098942000601108999001901114952013101133952013501264000113514CHAP20220329144358.0170727s2016 mx sm |||||||spa d a109975 a110947 cCHAP aTesis1 aCisneros Ruiz, Carlos Armando913285110aSembrando el futuro :h[En línea]bla producción campesina de maíz en la comunidad de Cherán K'eri. Un abordaje desde su racionalidad económica, su tecnología y sus relaciones sociales de producción /cpor Carlos Armando Cisneros Ruiz. aMorelia, Mich. :bEl autor,c2016. aPara ver el contenido del material haga clic en la liga aTesis (M.C. en Desarrollo Rural Regional) -- UACH. Dirección de Centros Regionales Universitarios aBATCH-UPDb05c20170727lUCH01h0920 aBATCHb00c20181121lUCH01h0759 aE11695DGDb10c20170727lUCH01h1023 aE5765TAJb05c20170727lUCH01h0919 aE5765TAJb05c20170727lUCH01h091914aCampesinadoxMichoacán.91802414aDesarrollo de la comunidad ruralxMichoacán.93201514aInnovaciones agrícolaszMichoacán.913285214aMaízxProducciónzMichoacán.9132853 a1 n0001635 aFinding aiduhttp://10.13.5.2/tesis/sist113514.pdfzTeclea aquí aBK cTESIS n0 c109975d109975 00104054718TESISaBCbBCd2017-07-27fTESISl0oTesisp113515-10r2019-12-31 00:00:00w2019-12-31yTESISzRecien adquirido 00102local4053708TESISaBCbBCcPA_TESISd2017-07-27fTESISl0oTesisp113515-20r2019-12-31 00:00:00tc.2w2019-12-31yTESIS